Chapeaux LDC 2024-2025 - Statistiques

Statistiques générales
  • Ce quiz a été pris 222 fois
  • Le résultat moyen est 23 sur 36
Statistiques - réponses
Chapeaux Equipe Nationalité % Correct
Chapeau 1 Real Madrid Espagnol 🇪🇸
98%
Chapeau 1 Paris Saint Germain Français 🇫🇷
97%
Chapeau 1 Bayern Munich Allemand 🇩🇪
95%
Chapeau 1 Manchester City Anglais 🏴󠁧󠁢󠁥󠁮󠁧󠁿
93%
Chapeau 1 Borussia Dortmund Allemand 🇩🇪
92%
Chapeau 1 FC Barcelone Espagnol 🇪🇸
92%
Chapeau 1 Inter Milan Italien 🇮🇹
91%
Chapeau 1 Liverpool Anglais 🏴󠁧󠁢󠁥󠁮󠁧󠁿
91%
Chapeau 2 AC Milan Italien 🇮🇹
84%
Chapeau 2 Bayer Leverkusen Allemand 🇩🇪
82%
Chapeau 2 Juventus Italien 🇮🇹
82%
Chapeau 2 Atletico Madrid Espagnol 🇪🇸
81%
Chapeau 3 Lille Français 🇫🇷
79%
Chapeau 4 Stade Brestois Français 🇫🇷
75%
Chapeau 4 AS Monaco Français 🇫🇷
74%
Chapeau 2 Arsenal Anglais 🏴󠁧󠁢󠁥󠁮󠁧󠁿
73%
Chapeau 3 Sporting Portugais 🇵🇹
67%
Chapeau 3 PSV Néerlandais 🇳🇱
62%
Chapeau 2 Club Bruges Belge 🇧🇪
61%
Chapeau 4 Aston Villa Anglais 🏴󠁧󠁢󠁥󠁮󠁧󠁿
60%
Chapeau 4 Stuttgart Allemand 🇩🇪
54%
Chapeau 2 Benfica Lisbonne Portugais 🇵🇹
52%
Chapeau 3 Celtic Glasgow Ecossais 🏴󠁧󠁢󠁳󠁣󠁴󠁿
52%
Chapeau 2 Atalanta Bergamme Italien 🇮🇹
50%
Chapeau 3 Young Boys Suisse 🇨🇭
47%
Chapeau 3 Feyenoord Néerlandais 🇳🇱
45%
Chapeau 4 Girona Espagnol 🇪🇸
44%
Chapeau 3 Dinamo Zagreb Croate 🇭🇷
43%
Chapeau 3 Etoile rouge de Bellegrade Serbe 🇷🇸
42%
Chapeau 4 Bologne FC Italien 🇮🇹
41%
Chapeau 4 Sparta Prague Tchèque 🇨🇿
34%
Chapeau 3 FC Salzburg Autrichien 🇦🇹
33%
Chapeau 4 Slovan Bratislava Slovaque 🇸🇰
31%
Chapeau 4 Sturm Graz Autrichien 🇦🇹
31%
Chapeau 2 Chakhtar Donetsk Ukrainien 🇺🇦
24%
Chapeau 1 RB Leibzig Allemand 🇩🇪
4%
Aucun quiz correspondant
Distribution des résultats
% des personnes avec chaque résultat
Percentile par nombre de réponses
Votre historique - résultats
Vous n’avez pas pris ce quiz